Statistics for Main Antagonist of Each FNAF Game

Click here to take the quiz!

General Stats

  • This quiz has been taken 41 times
  • The average score is 8 of 11

Answer Stats

HintAnswer% Correct
FNAF 1Freddy/Bonnie/Chica/Foxy/Golden Freddy
100%
FNAF 3Springtrap
88%
FNAF 4Nightmare
84%
Sister LocationEnnard
78%
Security BreachVanny/Burntrap
75%
Help WantedGlitchtrap
72%
FNAF 2Marionette
72%
FFPSScrapbaby/Scraptrap/Lefty/Molten Freddy
66%
RUINThe Mimic
63%
UCNCassidy
53%
Help Wanted 2Glitchtrap
41%

Score Distribution

Percentile by Number Answered

Percent of People with Each Score

Your Score History

You have not taken this quiz